| 000 | 00538nam a2200217Ia 4500 | ||
|---|---|---|---|
| 003 | OSt | ||
| 005 | 20230506094927.0 | ||
| 008 | 210423s2012 xx 000 0 und d | ||
| 020 | _a9788181286864 | ||
| 040 | _cAL | ||
| 041 | _aeng | ||
| 082 |
_a530.12 SHAR _223 |
||
| 100 |
_aSHANKAR (R). _999237 |
||
| 245 | _aPrinciples of quantum mechanics. | ||
| 250 | _a2 | ||
| 260 |
_aNew Delhi _bSpringer Pvt Ltd _c2012 |
||
| 300 |
_axviii,676 _bPB |
||
| 365 |
_b750 _cINR |
||
| 906 | _amechanics. ; Principles ; quantum | ||
| 942 |
_2ddc _cBK |
||
| 999 |
_c162236 _d162236 |
||